Normal view
MARC view
- التربية و التعليم-فلسفة
Entry Topical Term
001 - CONTROL NUMBER
- control field: 13609
003 - CONTROL NUMBER IDENTIFIER
- control field: JO-AjAnu
005 - DATE AND TIME OF LATEST TRANSACTION
- control field: 20230606072457.0
008 - FIXED-LENGTH DATA ELEMENTS
- fixed length control field: 230606|| aca||aabn | a|a d
040 ## - CATALOGING SOURCE
- Original cataloging agency: JO-AjAnu
- Transcribing agency: JO-AjAnu
150 ## - HEADING--TOPICAL TERM
- Topical term or geographic name entry element: التربية و التعليم-فلسفة
670 ## - SOURCE DATA FOUND
- Source citation: Work cat.: (JO-AjAnu)7000: خوري،أنطوان ج, author 13608, وعي الوعي او الحكم المسبق والمسالة التربوية:نصوص فلسفية عربية